| 000 | 00632cam a22002171 4500 | ||
|---|---|---|---|
| 001 | ca 36000152 | ||
| 003 | DLC | ||
| 005 | 20260227111140.0 | ||
| 008 | 890717s1936 mau 000 0 eng | ||
| 010 | _aca 36000152 | ||
| 035 | _a(OCoLC)20018848 | ||
| 040 |
_aDLC _cRPB _dDLC |
||
| 042 | _apremarc | ||
| 050 | 0 | 0 |
_aPS3539.U82 _bL3 1936 |
| 082 | _a812.5 | ||
| 100 | 1 | _aTurner, Anne Archer. | |
| 245 | 1 | 2 |
_aA lamb among wolves; _bentertainment in two acts, _cby Anne Archer Turner. |
| 260 |
_aBoston, Mass., _aLos Angeles, Calif. _b[Walter H. Baker, Company, _cc1936] |
||
| 300 |
_a23 p. _c19 cm. |
||
| 490 | 0 | _aBakers̕ specialties | |
| 999 |
_c18010 _d18010 |
||